| Tag |
First Indicator |
Second Indicator |
Subfields |
| LEADER |
00000cam a2200000 a 4500 |
| 001 |
in00001413721 |
| 005 |
20151020071019.0 |
| 008 |
970905s1998 mdu b 001 0 eng |
| 010 |
|
|
|a 97035637
|
| 020 |
|
|
|a 0761809422 (cloth : alk. paper)
|
| 035 |
|
|
|a (OCoLC)37652161
|
| 035 |
|
|
|9 AHQ0402AM
|
| 040 |
|
|
|a DLC
|c DLC
|d C#P
|d TXA
|d UtOrBLW
|
| 043 |
|
|
|a n-us---
|
| 049 |
|
|
|a TXAM
|
| 050 |
0 |
0 |
|a E169.1
|b .K327 1998
|
| 082 |
0 |
0 |
|a 973
|2 21
|
| 100 |
1 |
|
|a Kassell, Nancy.
|
| 245 |
1 |
4 |
|a The Pythia on Ellis Island :
|b rethinking the Greco-Roman legacy in America /
|c Nancy Kassell.
|
| 264 |
|
1 |
|a Lanham, Md. :
|b University Press of America,
|c [1998]
|
| 264 |
|
4 |
|c ©1998
|
| 300 |
|
|
|a 267 pages ;
|c 23 cm.
|
| 336 |
|
|
|a text
|b txt
|2 rdacontent
|
| 337 |
|
|
|a unmediated
|b n
|2 rdamedia
|
| 338 |
|
|
|a volume
|b nc
|2 rdacarrier
|
| 504 |
|
|
|a Includes bibliographical references (pages [245]-260) and index.
|
| 651 |
|
0 |
|a United States
|x Civilization
|x Classical influences.
|
| 651 |
|
0 |
|a United States
|x Moral conditions.
|
| 650 |
|
0 |
|a Social values
|z United States.
|
| 650 |
|
0 |
|a Patriarchy.
|
| 948 |
|
|
|a c:ktn
|
| 999 |
|
|
|a MARS
|
| 999 |
f |
f |
|s 683bcac2-9e7b-3327-8604-5342f7b1d663
|i c08fca2f-45dc-3d67-b62f-d7bb427153b7
|t 0
|
| 952 |
f |
f |
|p ric
|a Texas A&M University
|b Rellis Campus
|c Joint Library Facility
|d Remote Storage
|t 0
|e E169.1 .K327 1998
|h Library of Congress classification
|i unmediated -- volume
|m A14822438072
|
| 998 |
f |
f |
|a E169.1 .K327 1998
|t 0
|l Remote Storage
|